Eastern Utah Libraries Catalog: Duchesne, Heber, Roosevelt, & Vernal

Whales in the city / (Record no. 406528)

MARC details
000 -LEADER
fixed length control field 02151nam a2200409 i 4500
001 - CONTROL NUMBER
control field BK0031527255
005 - DATE AND TIME OF LATEST TRANSACTION
control field 20250403172903.0
008 - FIXED-LENGTH DATA ELEMENTS--GENERAL INFORMATION
fixed length control field 240326s2025 nyua b 000 0 eng
010 ## - LIBRARY OF CONGRESS CONTROL NUMBER
LC control number 2024935248
020 ## - INTERNATIONAL STANDARD BOOK NUMBER
International Standard Book Number 9780374308568
Qualifying information (hardback)
020 ## - INTERNATIONAL STANDARD BOOK NUMBER
International Standard Book Number 037430856X
Qualifying information (hardback)
035 ## - SYSTEM CONTROL NUMBER
System control number (OCoLC)1423038118
040 ## - CATALOGING SOURCE
Original cataloging agency DLC
Language of cataloging eng
Description conventions rda
Transcribing agency DLC
Modifying agency TnLvILS
042 ## - AUTHENTICATION CODE
Authentication code pcc
050 #4 - LIBRARY OF CONGRESS CALL NUMBER
Classification number QL737.C4
Item number C29 2025
082 04 - DEWEY DECIMAL CLASSIFICATION NUMBER
Classification number 599.5
Edition number 23/eng/20250311
092 ## - LOCALLY ASSIGNED DEWEY CALL NUMBER (OCLC)
Classification number children nonfiction
Item number Castaldo
100 1# - MAIN ENTRY--PERSONAL NAME
Personal name Castaldo, Nancy F.
Fuller form of name (Nancy Fusco),
Dates associated with a name 1962-
Relator term author.
9 (RLIN) 5910899
245 10 - TITLE STATEMENT
Title Whales in the city /
Statement of responsibility, etc written by Nancy F. Castaldo ; illustrated by Chuck Groenink.
250 ## - EDITION STATEMENT
Edition statement First edition.
264 #1 - Production, Publication, Distribution, Manufacture, and Copyright Notice.
Place of production, publication, distribution, manufacture New York, NY :
Name of producer, publisher, distributor, manufacturer Farrar Straus Giroux Books for Young Readers, an imprint of Macmillan Publishing Group, LLC,
Date of production, publication, distribution, manufacture, or copyr 2025.
300 ## - PHYSICAL DESCRIPTION
Extent 40 pages :
Other physical details color illustrations ;
Dimensions 23 x 29 cm.
336 ## - Content Type
Content type term text
336 ## - Content Type
Content type term still image
337 ## - Media type
Media type term unmediated
338 ## - Carrier type
Carrier type term volume
520 ## - SUMMARY, ETC.
Summary, etc "Spanning from pre-colonization to today, learn how the industrial revolution, overfishing, and pollution drove whales away from New York Harbor and the Hudson River by the early 20th Century. But the story doesn't end there. Passionate citizens were able to band together and clean up the harbor through activism and legislation. The first whales were spotted in the Hudson after over 100 years in 2019! Here is an uplifting environmental success story full of towering skyscrapers and underwater dramatics that highlights the power of community - voicing to readers of all ages that each of us can make a difference. Also includes backmatter on whales and water pollution around the country."--
521 1# - TARGET AUDIENCE NOTE
Target audience note 04-08.
650 #0 - SUBJECT ADDED ENTRY--TOPICAL TERM
Topical term or geographic name as entry element Cities and towns
Form subdivision Juvenile literature.
9 (RLIN) 5703919
650 #0 - SUBJECT ADDED ENTRY--TOPICAL TERM
Topical term or geographic name as entry element Climatic changes
Form subdivision Juvenile literature.
9 (RLIN) 6361078
650 #0 - SUBJECT ADDED ENTRY--TOPICAL TERM
Topical term or geographic name as entry element Whales
Form subdivision Juvenile literature.
9 (RLIN) 5741259
650 #1 - SUBJECT ADDED ENTRY--TOPICAL TERM
Topical term or geographic name as entry element Cities and towns.
650 #1 - SUBJECT ADDED ENTRY--TOPICAL TERM
Topical term or geographic name as entry element Climatic changes.
650 #1 - SUBJECT ADDED ENTRY--TOPICAL TERM
Topical term or geographic name as entry element Whales.
700 1# - ADDED ENTRY--PERSONAL NAME
Personal name Groenink, Chuck,
Relator term illustrator.
9 (RLIN) 5928805
942 ## - ADDED ENTRY ELEMENTS (KOHA)
Source of classification or shelving scheme Dewey Decimal Classification
Koha item type BOOK
Holdings
Withdrawn status Lost status Source of classification or shelving scheme Damaged status Not for loan Collection code Home library Current library Shelving location Date acquired Source of acquisition Total Checkouts Full call number Barcode Date last seen Date checked out Cost, replacement price Price effective from Koha item type
    Dewey Decimal Classification     Children NonFiction Wasatch County Library Wasatch County Library Main Floor Childrens Area 04/03/2025 Micromarketing 2 E Animals Ocean Castaldo 34301002151258 08/04/2025 07/23/2025 18.99 04/03/2025 BOOK
This project was made possible through a grant from the Institute of Museum and Library Service administered by the Utah State Library Division.

Wasatch County Library

  • 465 East 1200 South, Heber City, Utah 84032
  • Phone 435-654-1511 | Fax 435-654-6456

Hours

  • Monday - Friday 9:30 AM - 8:00 PM
  • Saturday 9:30 AM - 1:30 PM
  • Closed Sundays and Holidays